000 00727nam a22002057a 4500
005 20240805140537.0
008 090826t xxu||||| |||| 00| 0 eng d
010 _aENG-141217
020 _c3000.00
035 _aEN-124749
040 _bEnglish
082 _a505
100 _936944
_a Sahni .K.S
245 _aIndian National Science Academy's Inspirational Journey in 75 years
_cS.K Sahni and P.N Tandon
260 _bIndian National Science Academy
_aNew delhi
_c2017
270 _aBahadur Shah Zafar Marg,
_bNew delhi
_e110002
300 _a299p.
_c29cm.(Hb)
700 _a P.N Tandon
_969463
942 _2ddc
_cEN
_mSah
_h505
999 _c204819
_d204819